00401nam a22001457a 4500003000400000008004100004022001900045082001200064100001900076245004100095250002400136260004100160300001600201650003800217OSt200320b ||||| |||| 00| 0 eng d a978-9350241059 a546 CHP aChatwal, G. R. aPharmaceutical Chemistry - Inorganic a2nd/e, Reprint 2019 aNew DelhibHimalaya Publishing House a469 Pages,  aPharmaceutical Inorganic Chemisty